[Event "Winnipeg TNT May op"]
[Site "Winnipeg CAN"]
[Date "2007.05.01"]
[Round "1"]
[White "Silva, T Romero"]
[Black "Gibson, Fred"]
[Result "0-1"]
[WhiteElo "1887"]
[BlackElo "1237"]
[PlyCount "116"]
[GameId "2160767910692912"]
[EventDate "2007.05.01"]
[EventType "swiss"]
[EventRounds "5"]
[EventCountry "CAN"]
[SourceTitle "EXT 2022"]
[Source "ChessBase"]
[SourceDate "2021.10.06"]
[SourceVersion "1"]
[SourceVersionDate "2021.10.06"]
[SourceQuality "1"]

1. e4 c5 2. Nf3 d6 3. c3 Nf6 4. Bd3 g6 5. Bc2 Bg7 6. O-O O-O 7. Re1 Bg4 8. h3 Bxf3 9. Qxf3 Nc6 10. d3 Ne5 11. Qe2 e6 12. Nd2 Nh5 13. Nf1 f5 14. Be3 Qe7 15. exf5 Rxf5 16. g4 Nf3+ 17. Kh1 Qh4 18. Kg2 Nf4+ 19. Bxf4 Rxf4 20. Qxe6+ Kh8 21. Re2 Ng5 22. Qe3 Rf3 23. Qxg5 Qxg5 24. Kxf3 Rf8+ 25. Kg2 Qf4 26. Rae1 Qf3+ 27. Kh2 Be5+ 28. Ng3 h5 29. gxh5 gxh5 30. d4 cxd4 31. cxd4 Bf4 32. h4 d5 33. Bd1 Rg8 34. Rc2 Bxg3+ 35. Kh3 Qf4 36. Ree2 Qxh4+ 37. Kg2 Qh2+ 38. Kf3 Rf8+ 39. Ke3 Bxf2+ 40. Kd2 Qf4+ 41. Kc3 Qxd4+ 42. Kb3 Rf3+ 43. Rc3 Qc4+ 44. Kc2 Rxc3+ 45. bxc3 Bd4 46. Re8+ Kg7 47. Bxh5 Qxc3+ 48. Kd1 Qa1+ 49. Kd2 Qxa2+ 50. Kd3 Qc4+ 51. Kd2 Bc3+ 52. Kc2 d4 53. Re7+ Kf6 54. Rxb7 Qd5 55. Rxa7 Qxh5 56. Ra6+ Ke7 57. Ra7+ Kd6 58. Kd3 Qb5+ 0-1

[Event "Winnipeg TNT May op"]
[Site "Winnipeg CAN"]
[Date "2007.05.01"]
[Round "1"]
[White "Van Wyk, Joseph"]
[Black "Trueman, Francis"]
[Result "1-0"]
[WhiteElo "1920"]
[BlackElo "1465"]
[PlyCount "41"]
[GameId "2160767910692913"]
[EventDate "2007.05.01"]
[EventType "swiss"]
[EventRounds "5"]
[EventCountry "CAN"]
[SourceTitle "EXT 2022"]
[Source "ChessBase"]
[SourceDate "2021.10.06"]
[SourceVersion "1"]
[SourceVersionDate "2021.10.06"]
[SourceQuality "1"]

1. e4 d6 2. d4 Nf6 3. Nc3 g6 4. Nf3 Bg7 5. Bc4 O-O 6. O-O c6 7. Re1 Bg4 8. h3 Bxf3 9. Qxf3 e5 10. dxe5 dxe5 11. Bg5 Nbd7 12. Rad1 Qc7 13. Re3 h5 14. g4 Nb6 15. Bb3 Nh7 16. Bh4 g5 17. Bg3 h4 18. Bh2 a5 19. a3 Nd7 20. Qf5 Nhf6 21. Qxg5 1-0

[Event "Winnipeg TNT May op"]
[Site "Winnipeg CAN"]
[Date "2007.05.01"]
[Round "1"]
[White "Wiebe, Daniel"]
[Black "Zaczek, Jonathon"]
[Result "0-1"]
[WhiteElo "1668"]
[BlackElo "2167"]
[PlyCount "60"]
[GameId "2160767910692914"]
[EventDate "2007.05.01"]
[EventType "swiss"]
[EventRounds "5"]
[EventCountry "CAN"]
[SourceTitle "EXT 2022"]
[Source "ChessBase"]
[SourceDate "2021.10.06"]
[SourceVersion "1"]
[SourceVersionDate "2021.10.06"]
[SourceQuality "1"]

1. e4 c5 2. Nf3 d6 3. d4 cxd4 4. Nxd4 Nf6 5. Nc3 a6 6. Bc4 e6 7. Bb3 b5 8. Qf3 Qc7 9. Bg5 Be7 10. O-O-O Nbd7 11. Bxf6 Nxf6 12. e5 Bb7 13. Qg3 dxe5 14. Bxe6 O-O 15. Nf5 Nh5 16. Nxe7+ Qxe7 17. Qxe5 Nf6 18. Rd6 Rfe8 19. Re1 fxe6 20. f3 Kf7 21. Ne4 Nxe4 22. fxe4 Rad8 23. Rb6 Kg8 24. Re3 Bc8 25. Rg3 Rf8 26. c3 Rf1+ 27. Kc2 Rf2+ 28. Kb3 Rdd2 29. c4 Rxb2+ 30. Kc3 Qa3+ 0-1

[Event "Winnipeg TNT May op"]
[Site "Winnipeg CAN"]
[Date "2007.05.08"]
[Round "2"]
[White "Campbell, Gary"]
[Black "Wiebe, Daniel"]
[Result "1-0"]
[WhiteElo "1500"]
[BlackElo "1668"]
[PlyCount "61"]
[GameId "2160767910692915"]
[EventDate "2007.05.01"]
[EventType "swiss"]
[EventRounds "5"]
[EventCountry "CAN"]
[SourceTitle "EXT 2022"]
[Source "ChessBase"]
[SourceDate "2021.10.06"]
[SourceVersion "1"]
[SourceVersionDate "2021.10.06"]
[SourceQuality "1"]

1. d4 Nf6 2. c4 e6 3. Nc3 Bb4 4. e3 Bxc3+ 5. bxc3 c5 6. Bd3 Qa5 7. Bd2 b6 8. Qf3 Nc6 9. Ne2 Bb7 10. e4 d6 11. Qg3 O-O 12. Qxd6 cxd4 13. cxd4 Qh5 14. Qg3 e5 15. d5 Ne7 16. O-O Nd7 17. Nc3 f5 18. exf5 Nxf5 19. Bxf5 Qxf5 20. Rfe1 Rac8 21. Ne4 Rc7 22. Bh6 Nc5 23. Nd6 Qc2 24. Rxe5 Nd3 25. Rf5 Rd8 26. Bg5 Rdd7 27. Ne8 Rf7 28. Rxf7 Rxf7 29. Nf6+ Rxf6 30. Bxf6 g6 31. Qe3 1-0

[Event "Winnipeg TNT May op"]
[Site "Winnipeg CAN"]
[Date "2007.05.08"]
[Round "2"]
[White "Cleto, Sam"]
[Black "Oberton, Daniel"]
[Result "1/2-1/2"]
[WhiteElo "1959"]
[BlackElo "2009"]
[PlyCount "41"]
[GameId "2160767910692916"]
[EventDate "2007.05.01"]
[EventType "swiss"]
[EventRounds "5"]
[EventCountry "CAN"]
[SourceTitle "EXT 2022"]
[Source "ChessBase"]
[SourceDate "2021.10.06"]
[SourceVersion "1"]
[SourceVersionDate "2021.10.06"]
[SourceQuality "1"]

1. e4 c5 2. Nf3 d6 3. d4 cxd4 4. Nxd4 Nf6 5. Nc3 g6 6. Be2 Bg7 7. O-O O-O 8. h3 Nc6 9. Be3 Bd7 10. Nf3 Rc8 11. Ng5 h6 12. Nf3 Qa5 13. Qd2 Kh7 14. Bd3 Rfd8 15. a3 Be6 16. b4 Qc7 17. Nb5 Qb8 18. c3 d5 19. Bf4 Nxe4 20. Qe3 Nd6 21. Nh4 1/2-1/2

[Event "Winnipeg TNT May op"]
[Site "Winnipeg CAN"]
[Date "2007.05.08"]
[Round "2"]
[White "Gibson, Fred"]
[Black "Lafreniere, Adrian"]
[Result "1-0"]
[WhiteElo "1237"]
[BlackElo "1911"]
[PlyCount "61"]
[GameId "2160767910692918"]
[EventDate "2007.05.01"]
[EventType "swiss"]
[EventRounds "5"]
[EventCountry "CAN"]
[SourceTitle "EXT 2022"]
[Source "ChessBase"]
[SourceDate "2021.10.06"]
[SourceVersion "1"]
[SourceVersionDate "2021.10.06"]
[SourceQuality "1"]

1. e4 c6 2. d4 d5 3. e5 Bf5 4. Bd3 Bg6 5. f4 e6 6. Nf3 Ne7 7. O-O h6 8. Nc3 Bxd3 9. Qxd3 Nf5 10. Ne2 Nd7 11. b3 c5 12. Kh1 Be7 13. Be3 O-O 14. c3 Qc7 15. Rac1 Rac8 16. Bf2 Qa5 17. g4 c4 18. Qc2 Ba3 19. b4 Qb5 20. Rb1 Ne7 21. f5 Rc7 22. f6 gxf6 23. exf6 Nxf6 24. Rg1 Ne4 25. Be3 Kg7 26. Rg2 Ng6 27. h4 Rg8 28. h5 Ne7 29. g5 hxg5 30. Bxg5 f6 31. Bf4+ 1-0

[Event "Winnipeg TNT May op"]
[Site "Winnipeg CAN"]
[Date "2007.05.08"]
[Round "2"]
[White "Kwiatek, Jordan"]
[Black "Goodman, Clifford"]
[Result "1-0"]
[WhiteElo "1988"]
[BlackElo "1508"]
[PlyCount "48"]
[GameId "2160767910692919"]
[EventDate "2007.05.01"]
[EventType "swiss"]
[EventRounds "5"]
[EventCountry "CAN"]
[SourceTitle "EXT 2022"]
[Source "ChessBase"]
[SourceDate "2021.10.06"]
[SourceVersion "1"]
[SourceVersionDate "2021.10.06"]
[SourceQuality "1"]

1. d4 Nf6 2. c4 e6 3. Nf3 b6 4. a3 Bb7 5. Nc3 d5 6. cxd5 Nxd5 7. Qc2 Nd7 8. e4 Nxc3 9. bxc3 c5 10. Bd3 cxd4 11. cxd4 Rc8 12. Qe2 Nf6 13. O-O h6 14. Bb2 Be7 15. e5 Nd5 16. Bb5+ Bc6 17. Ba6 Rc7 18. Nd2 Nf4 19. Qg4 Bg5 20. g3 Bg2 21. Bb5+ Ke7 22. gxf4 Bxf1 23. Bxf1 Rc2 24. Nc4 Rxc4 1-0

[Event "Winnipeg TNT May op"]
[Site "Winnipeg CAN"]
[Date "2007.05.08"]
[Round "2"]
[White "Lauritson, Jim"]
[Black "Crawford, Gary"]
[Result "1-0"]
[WhiteElo "1916"]
[BlackElo "1338"]
[PlyCount "61"]
[GameId "2160767910692920"]
[EventDate "2007.05.01"]
[EventType "swiss"]
[EventRounds "5"]
[EventCountry "CAN"]
[SourceTitle "EXT 2022"]
[Source "ChessBase"]
[SourceDate "2021.10.06"]
[SourceVersion "1"]
[SourceVersionDate "2021.10.06"]
[SourceQuality "1"]

1. d4 Nf6 2. c4 b6 3. Nc3 Bb7 4. Nf3 e6 5. a3 d5 6. Bg5 Be7 7. e3 Ne4 8. Bxe7 Qxe7 9. Qa4+ Bc6 10. Qc2 Nxc3 11. bxc3 Nd7 12. cxd5 Bxd5 13. e4 Bb7 14. Bd3 Rc8 15. O-O c5 16. Qa4 a5 17. Bb5 Rc7 18. Ne5 Bxe4 19. Nxd7 Rxd7 20. dxc5 Qxc5 21. Bxd7+ Ke7 22. Qxe4 g5 23. Ba4 h5 24. Rfd1 f5 25. Rd7+ Kf6 26. Qd3 g4 27. Re1 Qxa3 28. Bb5 Rc8 29. Qd4+ Kg5 30. Rg7+ Kh4 31. g3+ 1-0

[Event "Winnipeg TNT May op"]
[Site "Winnipeg CAN"]
[Date "2007.05.08"]
[Round "2"]
[White "Liu, Weixi"]
[Black "Van Wyk, Joseph"]
[Result "1-0"]
[WhiteElo "1515"]
[BlackElo "1920"]
[PlyCount "55"]
[GameId "2160767910692921"]
[EventDate "2007.05.01"]
[EventType "swiss"]
[EventRounds "5"]
[EventCountry "CAN"]
[SourceTitle "EXT 2022"]
[Source "ChessBase"]
[SourceDate "2021.10.06"]
[SourceVersion "1"]
[SourceVersionDate "2021.10.06"]
[SourceQuality "1"]

1. d4 d5 2. c4 e6 3. Nc3 c5 4. dxc5 d4 5. Ne4 f5 6. Nd6+ Bxd6 7. cxd6 Qxd6 8. e3 Nc6 9. a3 e5 10. Nf3 Nf6 11. exd4 exd4 12. Bd3 O-O 13. O-O Ne4 14. b4 Rd8 15. Bb2 Be6 16. Qc2 Rac8 17. c5 Qf4 18. Rfe1 Bd5 19. Nxd4 Nxd4 20. Bxd4 Ng5 21. Bxf5 Rf8 22. Bxc8 Nf3+ 23. gxf3 Qg5+ 24. Kf1 Bxf3 25. Re5 Qg2+ 26. Ke1 Rxc8 27. Kd2 Rd8 28. Kc3 1-0

[Event "Winnipeg TNT May op"]
[Site "Winnipeg CAN"]
[Date "2007.05.08"]
[Round "2"]
[White "Pottinger, Carl"]
[Black "Khedkar, Jay S"]
[Result "1-0"]
[WhiteElo "1806"]
[BlackElo "1974"]
[PlyCount "47"]
[GameId "2160767910692922"]
[EventDate "2007.05.01"]
[EventType "swiss"]
[EventRounds "5"]
[EventCountry "CAN"]
[SourceTitle "EXT 2022"]
[Source "ChessBase"]
[SourceDate "2021.10.06"]
[SourceVersion "1"]
[SourceVersionDate "2021.10.06"]
[SourceQuality "1"]

1. c4 Nf6 2. g3 g6 3. Bg2 Bg7 4. e4 d6 5. Ne2 e5 6. O-O O-O 7. d3 c6 8. h3 Nbd7 9. Kh2 Ne8 10. Nbc3 f5 11. f4 Nc5 12. Be3 Ne6 13. d4 exf4 14. Nxf4 Nf6 15. exf5 Nxf4 16. Bxf4 Bxf5 17. d5 Nh5 18. dxc6 Nxf4 19. Rxf4 bxc6 20. Bxc6 Rb8 21. Bd5+ Kh8 22. Rf2 Be5 23. Qe2 Qh4 24. Qxe5+ 1-0

[Event "Winnipeg TNT May op"]
[Site "Winnipeg CAN"]
[Date "2007.05.08"]
[Round "2"]
[White "Rutter, Blair"]
[Black "Lipic, Stephen"]
[Result "1-0"]
[WhiteElo "1949"]
[BlackElo "1616"]
[PlyCount "47"]
[GameId "2160767910692923"]
[EventDate "2007.05.01"]
[EventType "swiss"]
[EventRounds "5"]
[EventCountry "CAN"]
[SourceTitle "EXT 2022"]
[Source "ChessBase"]
[SourceDate "2021.10.06"]
[SourceVersion "1"]
[SourceVersionDate "2021.10.06"]
[SourceQuality "1"]

1. c4 Nf6 2. g3 g6 3. Bg2 Bg7 4. Nc3 c6 5. e4 O-O 6. Nge2 d6 7. d3 e5 8. O-O Ne8 9. Be3 f5 10. f4 Na6 11. Qd2 Nac7 12. Rf2 Be6 13. fxe5 Bxe5 14. d4 Bg7 15. d5 cxd5 16. exd5 Bd7 17. Re1 Rb8 18. Bxa7 Ra8 19. Be3 b5 20. cxb5 Nxb5 21. Nf4 Nxc3 22. bxc3 Ra5 23. c4 Qc8 24. Qxa5 1-0

[Event "Winnipeg TNT May op"]
[Site "Winnipeg CAN"]
[Date "2007.05.08"]
[Round "2"]
[White "Trueman, Francis"]
[Black "Silva, T Romero"]
[Result "1-0"]
[WhiteElo "1465"]
[BlackElo "1887"]
[PlyCount "61"]
[GameId "2160767910692924"]
[EventDate "2007.05.01"]
[EventType "swiss"]
[EventRounds "5"]
[EventCountry "CAN"]
[SourceTitle "EXT 2022"]
[Source "ChessBase"]
[SourceDate "2021.10.06"]
[SourceVersion "1"]
[SourceVersionDate "2021.10.06"]
[SourceQuality "1"]

1. Nf3 Nf6 2. Nc3 d6 3. e4 Nbd7 4. Bc4 h6 5. O-O c6 6. d3 g6 7. Re1 Qc7 8. d4 Bg7 9. e5 dxe5 10. dxe5 Ng4 11. e6 Nde5 12. exf7+ Nxf7 13. Qe2 Bf5 14. Bf4 Nd6 15. Rad1 O-O-O 16. h3 Nxf2 17. Qxf2 b6 18. Nd4 e5 19. Ne6 Qe7 20. Nxd8 Rxd8 21. Ba6+ Kc7 22. Qe2 Re8 23. g4 Qh4 24. Qf2 Qxf2+ 25. Kxf2 Bxc2 26. Rd2 Rf8 27. Rxc2 Rxf4+ 28. Kg2 Bf6 29. Nd5+ Kd7 30. Nxf4 exf4 31. Kf3 1-0

[Event "Winnipeg TNT May op"]
[Site "Winnipeg CAN"]
[Date "2007.05.08"]
[Round "2"]
[White "Zaczek, Jonathon"]
[Black "Booth, Kevin"]
[Result "0-1"]
[WhiteElo "2167"]
[BlackElo "1642"]
[PlyCount "100"]
[GameId "2160767910692925"]
[EventDate "2007.05.01"]
[EventType "swiss"]
[EventRounds "5"]
[EventCountry "CAN"]
[SourceTitle "EXT 2022"]
[Source "ChessBase"]
[SourceDate "2021.10.06"]
[SourceVersion "1"]
[SourceVersionDate "2021.10.06"]
[SourceQuality "1"]

1. e4 d6 2. d4 g6 3. Nc3 Bg7 4. f4 Nf6 5. Nf3 O-O 6. Be3 b6 7. Bd3 Bb7 8. Qe2 Nbd7 9. e5 Nd5 10. Nxd5 Bxd5 11. c4 Bb7 12. O-O c5 13. Rad1 cxd4 14. Bxd4 dxe5 15. Nxe5 Nxe5 16. Bxe5 Qe8 17. f5 Qc6 18. Bxg7 Kxg7 19. Rfe1 Rad8 20. Qe5+ Qf6 21. Qxf6+ Kxf6 22. fxg6 hxg6 23. Rd2 e6 24. Red1 Ke7 25. Kf2 Rh8 26. h3 Rd6 27. Bf1 Rhd8 28. Rxd6 Rxd6 29. Rxd6 Kxd6 30. Ke3 Ke5 31. h4 f5 32. g3 Be4 33. b4 Bc6 34. Be2 Bb7 35. a3 Bc6 36. Bd1 Ba8 37. Ba4 Bb7 38. Be8 Kf6 39. c5 bxc5 40. bxc5 Bc8 41. Kf3 e5 42. Ke3 a6 43. Kf3 a5 44. Ke3 e4 45. Kf4 Be6 46. Ke3 Bc4 47. c6 Ba6 48. Kf4 Bc8 49. c7 Be6 50. Ke3 Bc8 0-1

[Event "Winnipeg TNT May op"]
[Site "Winnipeg CAN"]
[Date "2007.05.15"]
[Round "3"]
[White "Booth, Kevin"]
[Black "Liu, Weixi"]
[Result "1/2-1/2"]
[WhiteElo "1642"]
[BlackElo "1515"]
[PlyCount "127"]
[GameId "2160767910692927"]
[EventDate "2007.05.01"]
[EventType "swiss"]
[EventRounds "5"]
[EventCountry "CAN"]
[SourceTitle "EXT 2022"]
[Source "ChessBase"]
[SourceDate "2021.10.06"]
[SourceVersion "1"]
[SourceVersionDate "2021.10.06"]
[SourceQuality "1"]

1. d4 d5 2. c4 c6 3. Nc3 Nf6 4. cxd5 Nxd5 5. e4 Nxc3 6. bxc3 g6 7. Nf3 Bg7 8. Bc4 c5 9. O-O Nc6 10. Be3 O-O 11. Qa4 e6 12. Rac1 cxd4 13. cxd4 Bd7 14. Qd1 Rc8 15. Qd2 Qa5 16. Rc3 Kh8 17. Bh6 Qd8 18. Rb1 Na5 19. Be2 Rxc3 20. Bxg7+ Kxg7 21. Qxc3 b6 22. Ne5 Qc8 23. Qb2 f5 24. d5 Kg8 25. Rc1 Qb7 26. Nxd7 Qxd7 27. dxe6 Qxe6 28. Rc7 Rf7 29. exf5 Qxf5 30. Rxf7 Qxf7 31. Bf3 Qg7 32. Bd5+ Kf8 33. Qxg7+ Kxg7 34. Kf1 Kf6 35. Ke2 Ke5 36. Bg8 h6 37. Ke3 g5 38. g3 Nc6 39. f4+ gxf4+ 40. gxf4+ Kf5 41. Bh7+ Kf6 42. Ke4 Ne7 43. Kd4 Kg7 44. Be4 Kf6 45. Kc4 Ng6 46. Bxg6 Kxg6 47. Kb5 Kf5 48. Ka6 b5 49. Kxb5 h5 50. Ka6 h4 51. Kxa7 Kxf4 52. Kb6 h3 53. a4 Kf3 54. a5 Kg2 55. a6 Kxh2 56. a7 Kg1 57. a8=Q h2 58. Qa1+ Kg2 59. Qb2+ Kg1 60. Qc1+ Kg2 61. Qd2+ Kg1 62. Qe1+ Kg2 63. Qe2+ Kg1 64. Qg4+ 1/2-1/2

[Event "Winnipeg TNT May op"]
[Site "Winnipeg CAN"]
[Date "2007.05.15"]
[Round "3"]
[White "Campbell, Gary"]
[Black "Rutter, Blair"]
[Result "0-1"]
[WhiteElo "1500"]
[BlackElo "1949"]
[PlyCount "84"]
[GameId "2160767910692928"]
[EventDate "2007.05.01"]
[EventType "swiss"]
[EventRounds "5"]
[EventCountry "CAN"]
[SourceTitle "EXT 2022"]
[Source "ChessBase"]
[SourceDate "2021.10.06"]
[SourceVersion "1"]
[SourceVersionDate "2021.10.06"]
[SourceQuality "1"]

1. d4 d5 2. c4 e6 3. Nc3 f5 4. Nf3 Nf6 5. Bg5 c6 6. e3 Be7 7. Bd3 O-O 8. O-O Ne4 9. Bxe7 Qxe7 10. Nd2 Nd7 11. f3 Nd6 12. e4 Nxc4 13. Nxc4 dxc4 14. Bxc4 b5 15. Bb3 a5 16. a3 Nb6 17. exf5 Rxf5 18. Re1 Bd7 19. Qd3 g6 20. Ne4 Nd5 21. Nc5 Re8 22. Re4 Bc8 23. Rae1 Kf7 24. Qd2 a4 25. Bc2 Qg5 26. Qxg5 Rxg5 27. Nd3 Bd7 28. Ne5+ Ke7 29. Rh4 Nf6 30. Be4 Rc8 31. Rc1 Rh5 32. Rf4 c5 33. Rxf6 Kxf6 34. Nxd7+ Ke7 35. Nxc5 Rd8 36. Nd3 Rxd4 37. Nf4 Rh6 38. Ne2 Rd2 39. Nc3 Rxb2 40. Bc6 Rb3 41. Bxb5 Rxa3 42. Nxa4 Rh5 0-1

[Event "Winnipeg TNT May op"]
[Site "Winnipeg CAN"]
[Date "2007.05.15"]
[Round "3"]
[White "Crawford, Gary"]
[Black "Essery, Richard"]
[Result "0-1"]
[WhiteElo "1338"]
[BlackElo "1684"]
[PlyCount "58"]
[GameId "2160767910692929"]
[EventDate "2007.05.01"]
[EventType "swiss"]
[EventRounds "5"]
[EventCountry "CAN"]
[SourceTitle "EXT 2022"]
[Source "ChessBase"]
[SourceDate "2021.10.06"]
[SourceVersion "1"]
[SourceVersionDate "2021.10.06"]
[SourceQuality "1"]

1. e4 d5 2. exd5 Qxd5 3. Nc3 Qa5 4. d4 Nf6 5. Bd3 Bg4 6. Nf3 c6 7. h3 Bh5 8. Bd2 Qc7 9. Ne4 Nbd7 10. Ng3 Bg6 11. Bxg6 hxg6 12. Bg5 e6 13. Qe2 Bd6 14. Ne4 Nxe4 15. Qxe4 Nf6 16. Qd3 O-O-O 17. O-O-O Rh5 18. g4 Rxg5 19. Nxg5 Bf4+ 20. Kb1 Bxg5 21. h4 Bf4 22. g5 Nd5 23. Rh3 Qb6 24. Qf3 Qc7 25. Qe4 e5 26. Rf3 exd4 27. Rxd4 Be5 28. Ra4 Nb6 29. Rd3 Rxd3 0-1

[Event "Winnipeg TNT May op"]
[Site "Winnipeg CAN"]
[Date "2007.05.15"]
[Round "3"]
[White "Gibson, Fred"]
[Black "Pottinger, Carl"]
[Result "0-1"]
[WhiteElo "1237"]
[BlackElo "1806"]
[PlyCount "82"]
[GameId "2160767910692930"]
[EventDate "2007.05.01"]
[EventType "swiss"]
[EventRounds "5"]
[EventCountry "CAN"]
[SourceTitle "EXT 2022"]
[Source "ChessBase"]
[SourceDate "2021.10.06"]
[SourceVersion "1"]
[SourceVersionDate "2021.10.06"]
[SourceQuality "1"]

1. e4 c5 2. Nc3 g6 3. g3 Bg7 4. Bg2 d6 5. d3 Nf6 6. Be3 Nc6 7. h3 O-O 8. Nge2 Rb8 9. O-O b5 10. Qd2 b4 11. Nd1 Ne8 12. Bh6 f5 13. Bxg7 Kxg7 14. Ne3 Nd4 15. Nxd4 cxd4 16. Nd5 a5 17. b3 e5 18. f4 fxe4 19. Bxe4 Bxh3 20. Rf2 Nf6 21. Rh2 Nxe4 22. dxe4 Be6 23. f5 Bxd5 24. Qh6+ Kf6 25. Qh4+ g5 26. Qh6+ Ke7 27. Qxh7+ Bf7 28. f6+ Kd7 29. Qf5+ Kc6 30. Kg2 Be8 31. Rh6 Bd7 32. Qxg5 Rh8 33. Rah1 Rxh6 34. Rxh6 Qg8 35. Rg6 Qh7 36. Rh6 Qxe4+ 37. Kf1 Qf3+ 38. Ke1 Qc3+ 39. Kf1 Qf3+ 40. Ke1 Rf8 41. Qh4 Bg4 0-1

[Event "Winnipeg TNT May op"]
[Site "Winnipeg CAN"]
[Date "2007.05.15"]
[Round "3"]
[White "Khedkar, Jay S"]
[Black "Cleto, Sam"]
[Result "1-0"]
[WhiteElo "1974"]
[BlackElo "1959"]
[PlyCount "75"]
[GameId "2160767910692931"]
[EventDate "2007.05.01"]
[EventType "swiss"]
[EventRounds "5"]
[EventCountry "CAN"]
[SourceTitle "EXT 2022"]
[Source "ChessBase"]
[SourceDate "2021.10.06"]
[SourceVersion "1"]
[SourceVersionDate "2021.10.06"]
[SourceQuality "1"]

1. e4 d6 2. d4 f5 3. Nc3 Nf6 4. Bd3 e6 5. Nf3 Be7 6. O-O O-O 7. exf5 exf5 8. d5 Ng4 9. Nd4 f4 10. Re1 Bh4 11. g3 fxg3 12. hxg3 Nxf2 13. Bxh7+ Kxh7 14. Qh5+ Kg8 15. gxh4 Qf6 16. Be3 Bg4 17. Ne4 Nh3+ 18. Kh2 Bxh5 19. Nxf6+ Rxf6 20. Kxh3 Nd7 21. Bg5 Rf2 22. Re7 Ne5 23. Rg1 Raf8 24. Bh6 R8f3+ 25. Nxf3 Rxf3+ 26. Kh2 Rf2+ 27. Rg2 Ng4+ 28. Kg1 Rxg2+ 29. Kxg2 Nxh6 30. Rxc7 Bf7 31. c4 Nf5 32. Kh3 b5 33. b3 bxc4 34. bxc4 a5 35. Kg4 g6 36. Kg5 Kf8 37. h5 Ne7 38. h6 1-0

[Event "Winnipeg TNT May op"]
[Site "Winnipeg CAN"]
[Date "2007.05.15"]
[Round "3"]
[White "Kwiatek, Jordan"]
[Black "Trueman, Francis"]
[Result "0-1"]
[WhiteElo "1988"]
[BlackElo "1465"]
[PlyCount "22"]
[GameId "2160767910692932"]
[EventDate "2007.05.01"]
[EventType "swiss"]
[EventRounds "5"]
[EventCountry "CAN"]
[SourceTitle "EXT 2022"]
[Source "ChessBase"]
[SourceDate "2021.10.06"]
[SourceVersion "1"]
[SourceVersionDate "2021.10.06"]
[SourceQuality "1"]

1. d4 Nf6 2. c4 g6 3. Nc3 Bg7 4. e4 d6 5. f4 O-O 6. Nf3 c6 7. Bd3 e5 8. fxe5 dxe5 9. Nxe5 Qxd4 10. Nf3 Qb6 11. Qe2 Nbd7 0-1

[Event "Winnipeg TNT May op"]
[Site "Winnipeg CAN"]
[Date "2007.05.15"]
[Round "3"]
[White "Lafreniere, Adrian"]
[Black "Zaczek, Jonathon"]
[Result "1-0"]
[WhiteElo "1911"]
[BlackElo "2167"]
[PlyCount "45"]
[GameId "2160767910692933"]
[EventDate "2007.05.01"]
[EventType "swiss"]
[EventRounds "5"]
[EventCountry "CAN"]
[SourceTitle "EXT 2022"]
[Source "ChessBase"]
[SourceDate "2021.10.06"]
[SourceVersion "1"]
[SourceVersionDate "2021.10.06"]
[SourceQuality "1"]

1. e4 c5 2. d3 Nc6 3. g3 g6 4. Bg2 Bg7 5. Nf3 e6 6. Nc3 Nge7 7. Be3 Nd4 8. Qd2 d6 9. Bxd4 cxd4 10. Ne2 e5 11. c3 dxc3 12. Nxc3 O-O 13. O-O d5 14. exd5 Nxd5 15. Rfe1 Nxc3 16. bxc3 Qa5 17. d4 exd4 18. Nxd4 Rd8 19. Qe3 Rb8 20. Qf4 Bd7 21. Re7 Be6 22. Re1 Qxc3 23. Bd5 1-0

[Event "Winnipeg TNT May op"]
[Site "Winnipeg CAN"]
[Date "2007.05.15"]
[Round "3"]
[White "Lipic, Stephen"]
[Black "Wiebe, Daniel"]
[Result "1/2-1/2"]
[WhiteElo "1616"]
[BlackElo "1668"]
[PlyCount "52"]
[GameId "2160767910692934"]
[EventDate "2007.05.01"]
[EventType "swiss"]
[EventRounds "5"]
[EventCountry "CAN"]
[SourceTitle "EXT 2022"]
[Source "ChessBase"]
[SourceDate "2021.10.06"]
[SourceVersion "1"]
[SourceVersionDate "2021.10.06"]
[SourceQuality "1"]

1. f4 e5 2. fxe5 d6 3. exd6 Bxd6 4. Nf3 Nf6 5. d4 Bg4 6. Nc3 O-O 7. Bg5 Re8 8. Qd3 h6 9. Bh4 Bf4 10. Bf2 Nc6 11. e3 Nb4 12. Qd2 Bxf3 13. gxf3 Bxe3 14. Bxe3 Rxe3+ 15. Ne2 Qe7 16. a3 Nbd5 17. O-O-O Rxf3 18. Rg1 Qe3 19. Bg2 Rf2 20. Bxd5 Qxd2+ 21. Rxd2 Nxd5 22. c4 Re8 23. Ng3 Rxd2 24. Kxd2 Nf6 25. Nf5 Ne4+ 26. Kd3 Nd6 1/2-1/2

[Event "Winnipeg TNT May op"]
[Site "Winnipeg CAN"]
[Date "2007.05.15"]
[Round "3"]
[White "Oberton, Daniel"]
[Black "Lauritson, Jim"]
[Result "1/2-1/2"]
[WhiteElo "2009"]
[BlackElo "1916"]
[PlyCount "84"]
[GameId "2160767910692935"]
[EventDate "2007.05.01"]
[EventType "swiss"]
[EventRounds "5"]
[EventCountry "CAN"]
[SourceTitle "EXT 2022"]
[Source "ChessBase"]
[SourceDate "2021.10.06"]
[SourceVersion "1"]
[SourceVersionDate "2021.10.06"]
[SourceQuality "1"]

1. e4 c5 2. Nf3 e6 3. d4 cxd4 4. Nxd4 Nc6 5. Nc3 Nf6 6. Bg5 Be7 7. Qd2 a6 8. O-O-O Qc7 9. f4 d6 10. Nf3 Bd7 11. Bd3 O-O-O 12. Bh4 Rhe8 13. Rhe1 Nb4 14. Bf2 b6 15. a3 Nxd3+ 16. Qxd3 Kb7 17. Ng5 Rf8 18. h3 h6 19. Nf3 Bc6 20. Nd4 d5 21. Nxc6 Qxc6 22. exd5 Nxd5 23. Nxd5 Rxd5 24. Qe2 Rfd8 25. g4 Bxa3 26. c4 Rxd1+ 27. Rxd1 Rxd1+ 28. Kxd1 Qa4+ 29. Qc2 Qxc2+ 30. Kxc2 Bd6 31. Be3 Kc6 32. Kd3 b5 33. b3 Bc5 34. Bd2 f6 35. Bc3 Bd6 36. g5 e5 37. gxh6 gxh6 38. fxe5 Bxe5 39. Bd2 bxc4+ 40. Kxc4 Ba1 41. Bxh6 f5 42. Bf4 Bf6 1/2-1/2

[Event "Winnipeg TNT May op"]
[Site "Winnipeg CAN"]
[Date "2007.05.15"]
[Round "3"]
[White "Silva, T Romero"]
[Black "Gibbons, Lorne"]
[Result "1-0"]
[WhiteElo "1887"]
[BlackElo "1321"]
[PlyCount "30"]
[GameId "2160767910692936"]
[EventDate "2007.05.01"]
[EventType "swiss"]
[EventRounds "5"]
[EventCountry "CAN"]
[SourceTitle "EXT 2022"]
[Source "ChessBase"]
[SourceDate "2021.10.06"]
[SourceVersion "1"]
[SourceVersionDate "2021.10.06"]
[SourceQuality "1"]

1. c4 c5 2. e3 Nf6 3. d4 cxd4 4. exd4 d5 5. Nf3 Be6 6. cxd5 Nxd5 7. Be2 Nc6 8. O-O g6 9. Nc3 Bg7 10. Re1 O-O 11. a3 Qb6 12. Na4 Qc7 13. Bg5 f5 14. Rc1 h6 15. Be3 Qd6 1-0